000 00676nam a2200289Ia 4500
005 20260324134551.0
008 008 260324s9999 xx 000 0 eng d
020 _a9780203779958
037 _aEBOOK
040 _aCRL
040 _beng
040 _cCRL
041 _2eng
041 _aeng
084 _qCRL
100 _aJ. Reid Meloy
_91197308
245 4 _aThe Mark of Cain
245 0 _bPsychoanalytic Insight and the Psychopath
260 _bTaylor and Francis
260 _c2001
365 _a
365 _b130
856 _uhttp://www.taylorfrancis.com/books/9780203779958
942 _cEBOOK
999 _c1797534
_d1797534